Informačné technológie

Z obsahu prílohy: ATM - nová technológia pre globálnu komunikáciu. Gentium - manažérsky systém novej generácie. Svetový gigant s novými aktivitami. Najnovšie technológie a riešenia na domácom trhu. Porovnateľná kvalita za podstatne nižšie ceny. Telekomunikačné služby: vlastnými silami alebo externe?

Salvato in:
Dettagli Bibliografici
Natura: Capitolo di libro
Lingua:slovacco
Soggetti:
Tags: Aggiungi Tag
Nessun Tag, puoi essere il primo ad aggiungerne!!

MARC

LEADER 00000naa a2200000 4500
001 r019355
005 20221205101838.6
041 0 |a slo 
044 |a SK 
245 1 0 |a Informačné technológie 
520 |a Z obsahu prílohy: ATM - nová technológia pre globálnu komunikáciu. Gentium - manažérsky systém novej generácie. Svetový gigant s novými aktivitami. Najnovšie technológie a riešenia na domácom trhu. Porovnateľná kvalita za podstatne nižšie ceny. Telekomunikačné služby: vlastnými silami alebo externe? 
610 2 0 |a technológie informačné 
610 2 0 |a ATM 
610 2 0 |a systémy informačné 
610 2 0 |a IBM 
610 2 0 |a technika výpočtová 
610 2 0 |a telekomunikácie 
610 2 0 |a služby